Statistics for NCAA College Logos

Click here to take the quiz!

General Stats

  • This quiz has been taken 4,887 times
  • The average score is 24 of 32

Answer Stats

Answer% Correct
Duke
98%
Texas
98%
Kentucky
96%
Notre Dame
95%
Michigan
94%
Miami
93%
Arizona
92%
North Carolina
92%
Alabama
91%
Tennessee
91%
Texas A&M
90%
Villanova
90%
Florida St
88%
Purdue
88%
Virginia Tech
88%
West Virginia
88%
Kansas St
87%
Texas Tech
87%
Xavier
85%
Arkansas
81%
Houston
81%
San Diego St
68%
Marshall
59%
Creighton
57%
Gonzaga
53%
Buffalo
47%
Loyola-Chicago
45%
Wichita St
44%
Murray St
42%
Providence
40%
Montana
38%
Radford
20%

Score Distribution

Percentile by Number Answered

Percent of People with Each Score

Your Score History

You have not taken this quiz